「よ」から始まる駅 - Statistics

General Stats
  • This quiz has been taken 32 times
  • The average score is 45 of 117
Answer Stats
Hint Answer % Correct
神奈川 横浜
80%
埼玉 吉川
80%
大阪 | 新潟 吉田
80%
三重 四日市
80%
東京 四ツ谷
80%
京都
80%
高知 よしかわ
76%
埼玉 与野
76%
東京 代々木
76%
東京 代々木上原
76%
広島 | 群馬 横川
72%
東京 四谷三丁目
72%
北海道 余市
68%
千葉 横田
68%
奈良 | 福岡 吉野
68%
大阪 淀川
68%
東京 代々木公園
68%
千葉 四街道
64%
埼玉 寄居
64%
滋賀 八日市
60%
埼玉 吉川美南
60%
埼玉 与野本町
60%
滋賀 余呉
56%
神奈川 横須賀
56%
山口 吉見
56%
千葉 八日市場
52%
秋田 横手
52%
大阪 淀屋橋
52%
鳥取 米子
52%
山形 米沢
52%
福島 夜ノ森
52%
東京 代々木八幡
52%
兵庫 | 石川 横山
48%
奈良 吉野口
48%
東京 四ツ木
48%
大分 夜明
44%
神奈川 洋光台
44%
神奈川 横須賀中央
44%
佐賀 吉野ケ里公園
44%
静岡 吉原
44%
大阪 四ツ橋
44%
京都 与謝野
40%
群馬 | 長崎 吉井
40%
鳥取 米子空港
40%
新潟 米山
40%
東京 用賀
36%
兵庫 八鹿
36%
広島 横尾
36%
千葉 横芝
36%
石川 良川
36%
千葉 葭川公園
36%
京都 | 福岡 吉富
36%
奈良 吉野神宮
36%
愛知 米津
36%
神奈川 読売ランド前
36%
岐阜 養老
32%
愛媛 横河原
32%
広島 吉田口
32%
鹿児島 吉松
32%
福島 四ツ倉
32%
鳥取 淀江
32%
兵庫 余部
32%
島根 遙堪
28%
埼玉 横瀬
28%
広島 吉浦
28%
秋田 四ツ小屋
28%
愛知 呼続
28%
埼玉 用土
24%
千葉 養老渓谷
24%
広島 横川一丁目
24%
広島 横川駅
24%
大阪 横堤
24%
福岡 吉塚
24%
岡山 吉永
24%
岩手 | 愛知 吉浜
24%
静岡 吉原本町
24%
富山 横江
20%
岩手 横間
20%
秋田 吉沢
20%
広島 吉名
20%
埼玉 吉野原
20%
愛媛 吉野生
20%
長野 夜間瀬
20%
兵庫
20%
岩手 横川目
16%
宮城 | 長野 横倉
16%
熊本 吉尾
16%
徳島 吉成
16%
神奈川 吉野町
16%
大阪 吉見ノ里
16%
山口 四辻
16%
秋田 米内沢
16%
山口 米川
16%
富山 米島口
16%
北海道 呼人
16%
青森 蓬田
16%
宮崎 榎原
16%
愛媛 余戸
12%
大分 暘谷
12%
秋田 横堀
12%
岐阜 横屋
12%
山梨 葭池温泉前
12%
富山 吉久
12%
福岡 呼野
12%
山梨 寄畑
12%
福島 養鱒公園
8%
青森 横磯
8%
栃木 吉水
8%
栃木 陽東3丁目
8%
No matching quizzes found
Score Distribution
Percent of People with Each Score
Percentile by Number Answered
Your Score History
You have not taken this quiz